|
|
|
|
| LEADER |
01261nam a2200337 a 4500 |
| 001 |
31036 |
| 003 |
BD-DhAAL |
| 005 |
20160510161444.0 |
| 008 |
160412s2012 nyuab b 001 0 eng |
| 010 |
|
|
|a 2011285059
|
| 020 |
|
|
|a 9780078026669
|
| 020 |
|
|
|a 9780071310468
|
| 020 |
|
|
|a 0071310460
|
| 020 |
|
|
|a 0078026660
|
| 040 |
|
|
|a DLC
|c DLC
|d DLC
|d BD-DhAAL
|
| 050 |
0 |
0 |
|a HM585
|b .S324 2012
|
| 082 |
|
|
|2 23
|a 301
|
| 999 |
|
|
|c 37087
|d 37087
|
| 999 |
|
|
|c 37087
|
| 100 |
1 |
|
|a Schaefer, Richard T.
|9 19078
|
| 245 |
1 |
0 |
|a Sociology /
|c Richard T. Schaefer.
|
| 250 |
|
|
|a 13th ed.
|
| 260 |
|
|
|a New York :
|b McGraw-Hill,
|c c2012.
|
| 300 |
|
|
|a xxxii, 567 p. :
|b col. ill., col. maps ;
|c 28 cm.
|
| 504 |
|
|
|a Includes bibliographical references (p. 507-534)and index
|
| 526 |
|
|
|a ESS
|
| 541 |
|
|
|e 31036
|
| 650 |
|
0 |
|a Sociology.
|9 19079
|
| 942 |
|
|
|2 ddc
|c BK
|
| 952 |
|
|
|0 0
|1 0
|2 ddc
|4 0
|6 301_000000000000000_SCH
|7 0
|9 58480
|a BRACUL
|b BRACUL
|c GEN
|d 2016-03-22
|e Trim Education
|g 7429.00
|l 34
|m 257
|o 301 SCH
|p 3010031036
|r 2025-07-21
|s 2025-02-13
|t 1
|w 2016-03-22
|y BK
|
| 952 |
|
|
|0 0
|1 0
|2 ddc
|4 0
|6 301_000000000000000_SCH
|7 0
|9 58986
|a BRACUL
|b BRACUL
|c GEN
|d 2016-04-21
|e Karim International
|g 4400.00
|l 18
|m 157
|o 301 SCH
|p 3010031104
|q 2022-04-12
|r 2020-01-13
|s 2020-01-13
|t 2
|v 4400.00
|w 2016-04-21
|y BK
|